000 01020nam a2200313 a 4500
001
003 DO-SdBPM
005 20250611072007.0
007 ta
008 090819s2009 cl a 000 0 spa d
020 _a 9789584520517
040 _aDO-SdBPM
_bspa
_cBPMSU
082 _a813.5
_bL177t 2009
_222
100 1 _aLagonegro, Melissa
245 1 3 _a Tinkerbell y el tesoro perdido :
_b en busca del tesoro /
_c Melissa Lagonegro ; ilustración Desise Shimabukuro
246 1 3 _a En busca del tesoro perdido
260 _aBogotá, Colombia :
_bGrupo Editorial Norma,
_c2009
300 _a48 p. :
_bil.,;
_c25 cm.
490 0 _aDisney hadas
534 _aTexto en español e inglés
590 _6Inventariado, 2025/VM
650 4 _aCuentos infantiles estadounidenses.
650 4 _aCuentos de hadas
_v
650 4 _aFantasía
_vCuentos infantiles
700 1 _a Shimabukuro, Denise
_eilustraciones
710 2 _aWalt Disney
910 _aVMateo V. Control de calidad. BPMSU
942 _2ddc
_cBK
999 _c15148
_d15148